|
|
|
|
| LEADER |
00000nbm0a2200000 4500 |
| 001 |
68115 |
| 005 |
20231031074517.0 |
| 035 |
|
|
|a (RuTPU)RU\TPU\book\72514
|
| 090 |
|
|
|a 68115
|
| 100 |
|
|
|a 20040930d1982 k y0rusy50 ca
|
| 101 |
0 |
|
|a rus
|
| 102 |
|
|
|a RU
|
| 105 |
|
|
|a a m 001zy
|
| 200 |
1 |
|
|a Широкорегулируемый тиристорный электропривод постоянного тока подач металлорежущих станков (алгоритмы, структуры, устройства)
|e диссертация на соискание ученой степени кандидата технических наук
|e спец. 05.09.03
|f А. Е. Алехин
|g Томский политехнический институт; науч. рук.: Г. А. Сипайлов
|
| 210 |
|
|
|a Томск
|c [Б. и.]
|d 1982
|
| 215 |
|
|
|a 200 л.
|c ил.
|
| 320 |
|
|
|a Библиогр.: с. 181-195 (142 назв.)
|
| 610 |
1 |
|
|a электрооборудование
|
| 610 |
1 |
|
|a регулируемый электропривод
|
| 610 |
1 |
|
|a тиристоры
|
| 610 |
1 |
|
|a постоянный ток
|
| 610 |
1 |
|
|a станки
|
| 610 |
1 |
|
|a металлорежущие станки
|
| 610 |
1 |
|
|a алгоритмы
|
| 610 |
1 |
|
|a структуры
|
| 610 |
1 |
|
|a устройства
|
| 610 |
1 |
|
|a диссертации
|
| 610 |
1 |
|
|a труды учёных ТПУ
|
| 675 |
|
|
|a 621.9.06-83(048)
|v 3
|
| 686 |
|
|
|a 05.09.03.
|2 oksvnk
|
| 700 |
|
1 |
|a Алехин
|b А. Е.
|g Алексей Елисеевич
|
| 702 |
|
1 |
|a Сипайлов
|b Г. А.
|c специалист в области электромеханики
|c профессор Томского политехнического университета
|f 1920-2004
|g Геннадий Антонович
|2 stltpush
|3 (RuTPU)RU\TPU\pers\12400
|4 727
|
| 712 |
0 |
2 |
|a Томский политехнический институт
|2 stltpush
|3 (RuTPU)RU\TPU\col\1123
|
| 801 |
|
1 |
|a RU
|b 63413507
|c 20040930
|g PSBO
|
| 801 |
|
2 |
|a RU
|b 63413507
|c 20150907
|g PSBO
|
| 942 |
|
|
|c BK
|